Vista normal
Vista MARC
- Monòlegs francesos
Entrada Terme temàtic
Nombre de registres utilitzats a: 2
001 - NÚMERO DE CONTROL
- campo de control: 167745
003 - IDENTIFICADOR DEL NÚMERO DE CONTROL
- campo de control: ES-BaIT
005 - FECHA Y HORA DE LA ÚLTIMA TRANSACCIÓN
- campo de control: 20251104100916.0
008 - DATOS DE LONGITUD FIJA
- campo de control de longitud fija: 251104|| aca||babn | a|a d
040 ## - FUENTE DE LA CATALOGACIÓN
- Centro catalogador/agencia de origen: ES-BaIT
150 ## - ENCABEZAMIENTO--TÉRMINO DE MATERIA
- Término de materia o nombre geográfico como elemento de entrada: Monòlegs francesos
- Subdivisión cronológica: S. XXI
- Subdivisión general: Textos dramàtics


